<?xml version="1.0" encoding="UTF-8"?>
<record
    xmlns:xsi="http://www.w3.org/2001/XMLSchema-instance"
    xsi:schemaLocation="http://www.loc.gov/MARC21/slim http://www.loc.gov/standards/marcxml/schema/MARC21slim.xsd"
    xmlns="http://www.loc.gov/MARC21/slim">

  <leader>02797nam a2200337   4500</leader>
  <controlfield tag="001">ESSALUD</controlfield>
  <controlfield tag="005">20260703115047.0</controlfield>
  <controlfield tag="007">ta</controlfield>
  <controlfield tag="008">      t        pe ||||| |||| 00| 0 spa d</controlfield>
  <datafield tag="040" ind1=" " ind2=" ">
    <subfield code="a">BMG</subfield>
  </datafield>
  <datafield tag="041" ind1=" " ind2=" ">
    <subfield code="a">spa</subfield>
  </datafield>
  <datafield tag="100" ind1=" " ind2=" ">
    <subfield code="a">Balde&#xF3;n Bed&#xF3;n, Luis Jes&#xFA;s </subfield>
    <subfield code="e">Autor</subfield>
    <subfield code="9">46908</subfield>
  </datafield>
  <datafield tag="245" ind1=" " ind2=" ">
    <subfield code="a">La constitucionalidad del contrato de trabajo sujeto a modalidad por suplencia</subfield>
  </datafield>
  <datafield tag="246" ind1=" " ind2=" ">
    <subfield code="a">The constitutionality of the substitute fixed-term employment contract</subfield>
  </datafield>
  <datafield tag="300" ind1=" " ind2=" ">
    <subfield code="a">p&#xE1;ginas 35-49</subfield>
  </datafield>
  <datafield tag="520" ind1=" " ind2=" ">
    <subfield code="a">El art&#xED;culo examina la constitucionalidad del contrato de trabajo sujeto
a modalidad por suplencia en el sistema laboral peruano, a partir del an&#xE1;lisis del
art&#xED;culo 61 del Texto &#xDA;nico Ordenado del Decreto Legislativo N&#xBA; 728 y de la jurisprudencia
del Tribunal Constitucional y la Corte Suprema. Se analiza la exigencia
de una causa objetiva de contrataci&#xF3;n vinculada a la sustituci&#xF3;n temporal de un
trabajador titular y su relaci&#xF3;n con los derechos fundamentales al trabajo y a la
protecci&#xF3;n frente al despido arbitrario. El estudio cuestiona la reciente l&#xED;nea jurisprudencial
que admite el ejercicio del ius variandi en esta modalidad contractual,
al considerar que puede desnaturalizar la suplencia y afectar el principio de continuidad
laboral. 
</subfield>
  </datafield>
  <datafield tag="520" ind1=" " ind2=" ">
    <subfield code="a">This article analyzes the constitutionality of the employment contract subject to the
modality of substitution under the Peruvian labor system. lt examines Article 61 of the Consolidated
Text of Legislative Decree No. 728 and the relevant jurisprudence of the Constitutional Court and
the Supreme Court. The study focuses on the requirement of an objective cause for temporary
hiring linked to the substitution of a regular employee and its relationship with the constitutional
rights to work and protection against arbitrary dismissal. The paper questions the recent
jurisprudential trend that allows the employer's ius variandi in substitution contracts, arguing
that such interpretation may distort their temporary nature and undermine Job stability.
</subfield>
  </datafield>
  <datafield tag="650" ind1=" " ind2=" ">
    <subfield code="a">CONTRATO DE TRABAJO POR SUPLENCIA </subfield>
    <subfield code="9">53251</subfield>
  </datafield>
  <datafield tag="650" ind1=" " ind2=" ">
    <subfield code="a">CONTRATACI&#xD3;N TEMPORAL </subfield>
    <subfield code="9">53252</subfield>
  </datafield>
  <datafield tag="650" ind1=" " ind2=" ">
    <subfield code="a">CAUSA OBJETIVA DE CONTRATACI&#xD3;N</subfield>
    <subfield code="9">53253</subfield>
  </datafield>
  <datafield tag="650" ind1=" " ind2=" ">
    <subfield code="a">IUS VARIANDI </subfield>
    <subfield code="9">53254</subfield>
  </datafield>
  <datafield tag="650" ind1=" " ind2=" ">
    <subfield code="a">ESTABILIDAD LABORAL </subfield>
    <subfield code="9">53235</subfield>
  </datafield>
  <datafield tag="650" ind1=" " ind2=" ">
    <subfield code="a">DESNATURALIZACI&#xD3;N DEL CONTRATO DE TRABAJO</subfield>
    <subfield code="9">53255</subfield>
  </datafield>
  <datafield tag="650" ind1=" " ind2=" ">
    <subfield code="a">SUBSNTUTE EMPLOYMENT CANTRACT </subfield>
    <subfield code="9">53256</subfield>
  </datafield>
  <datafield tag="650" ind1=" " ind2=" ">
    <subfield code="a">FIXED-TERM EMPLOYMENT </subfield>
    <subfield code="9">53257</subfield>
  </datafield>
  <datafield tag="650" ind1=" " ind2=" ">
    <subfield code="a">OBJECTIVE CAUSE OF HIRING</subfield>
    <subfield code="9">53258</subfield>
  </datafield>
  <datafield tag="650" ind1=" " ind2=" ">
    <subfield code="a">JOB STABILITY </subfield>
    <subfield code="9">53259</subfield>
  </datafield>
  <datafield tag="650" ind1=" " ind2=" ">
    <subfield code="a">MISCLASSIFICATION OF EMPLOYMENT CONTRACTS </subfield>
    <subfield code="9">53260</subfield>
  </datafield>
  <datafield tag="773" ind1="0" ind2=" ">
    <subfield code="0">22614</subfield>
    <subfield code="9">22626</subfield>
    <subfield code="d">Lima Grupo Praxis Formaci&#xF3;n Profesional, 2026-</subfield>
    <subfield code="o">PRALAB002</subfield>
    <subfield code="t">Praxis Laboral &amp; Procesal Laboral</subfield>
    <subfield code="w">ESSALUD</subfield>
    <subfield code="x">3119-768X</subfield>
  </datafield>
  <datafield tag="942" ind1=" " ind2=" ">
    <subfield code="c">ARTICULOS</subfield>
    <subfield code="e">2026-07-02</subfield>
    <subfield code="z">SQB</subfield>
  </datafield>
  <datafield tag="999" ind1=" " ind2=" ">
    <subfield code="c">22636</subfield>
    <subfield code="d">22636</subfield>
  </datafield>
</record>
